000 00549nam a2200181Ia 4500
008 151202s9999||||xx |||||||||||||| ||und||
082 _bPNVM-14202
100 _aआपटे हरि नारायण.
245 _aयशवंतराव खरे.
260 _b---
260 _c0
300 _a0
600 _aआपटे हरि नारायण.
630 _aयशवंतराव खरे.
700 _aआपटे हरि नारायण.
730 _aयशवंतराव खरे.
942 _cBOOK
999 _c1280188
_d1280185